| 000 | 00372nam a2200157 4500 | ||
|---|---|---|---|
| 005 | 20200604152455.0 | ||
| 008 | 200604b xxu||||| |||| 00| 0 eng d | ||
| 041 | _aeng | ||
| 082 | _a345.4 | ||
| 110 |
_aLI.C _95787 |
||
| 245 | _aL.I.C 2012 (V-2) APRIL TO JUNE | ||
| 260 |
_aDELHI _bALL INDIA REPORTER PVT. LTD. |
||
| 300 | _a2400;p | ||
| 650 |
_aLAW _95701 |
||
| 942 | _cJRL | ||
| 999 |
_c6825 _d6823 |
||